000
00297nam a2200133Ia 4500
100
_a
Venkateswarlu/N.B
650
_a
Linux
942
_c
BK
245
_a
Introduction to Linux:Installation and Programming
260
_b
BS Publication
_c
2006
300
_a
588
546
_a
ENGLISH
999
_c
30392
_d
30392